<?xml version="1.0" encoding="UTF-8"?><?xml-stylesheet type="text/xsl" href="static/style.xsl"?><OAI-PMH xmlns="http://www.openarchives.org/OAI/2.0/" xmlns:xsi="http://www.w3.org/2001/XMLSchema-instance" xsi:schemaLocation="http://www.openarchives.org/OAI/2.0/ http://www.openarchives.org/OAI/2.0/OAI-PMH.xsd"><responseDate>2026-06-07T17:25:35Z</responseDate><request verb="GetRecord" identifier="oai:docta.ucm.es:20.500.14352/115031" metadataPrefix="marc">https://docta.ucm.es/rest/oai/request</request><GetRecord><record><header><identifier>oai:docta.ucm.es:20.500.14352/115031</identifier><datestamp>2025-09-01T17:36:24Z</datestamp><setSpec>com_20.500.14352_14</setSpec><setSpec>col_20.500.14352_15</setSpec></header><metadata><record xmlns="http://www.loc.gov/MARC21/slim" xmlns:dcterms="http://purl.org/dc/terms/" xmlns:xsi="http://www.w3.org/2001/XMLSchema-instance" xmlns:doc="http://www.lyncode.com/xoai" xsi:schemaLocation="http://www.loc.gov/MARC21/slim http://www.loc.gov/standards/marcxml/schema/MARC21slim.xsd">
   <leader>00925njm 22002777a 4500</leader>
   <datafield ind2=" " ind1=" " tag="042">
      <subfield code="a">dc</subfield>
   </datafield>
   <datafield ind2=" " ind1=" " tag="720">
      <subfield code="a">Santmartí-Oliver, M</subfield>
      <subfield code="e">author</subfield>
   </datafield>
   <datafield ind2=" " ind1=" " tag="720">
      <subfield code="a">Bazal-Bonelli, S</subfield>
      <subfield code="e">author</subfield>
   </datafield>
   <datafield ind2=" " ind1=" " tag="720">
      <subfield code="a">Sánchez-Labrador, L</subfield>
      <subfield code="e">author</subfield>
   </datafield>
   <datafield ind2=" " ind1=" " tag="720">
      <subfield code="a">Beca-Campoy, T</subfield>
      <subfield code="e">author</subfield>
   </datafield>
   <datafield ind2=" " ind1=" " tag="720">
      <subfield code="a">Pérez-González, F</subfield>
      <subfield code="e">author</subfield>
   </datafield>
   <datafield ind2=" " ind1=" " tag="720">
      <subfield code="a">Cobo Vázquez, Carlos</subfield>
      <subfield code="e">author</subfield>
   </datafield>
   <datafield ind2=" " ind1=" " tag="720">
      <subfield code="a">Madrigal Martínez-Pereda, Cristina María</subfield>
      <subfield code="e">author</subfield>
   </datafield>
   <datafield ind2=" " ind1=" " tag="720">
      <subfield code="a">Meniz García, Cristina María</subfield>
      <subfield code="e">author</subfield>
   </datafield>
   <datafield ind2=" " ind1=" " tag="260">
      <subfield code="c">2024</subfield>
   </datafield>
   <datafield ind2=" " ind1=" " tag="520">
      <subfield code="a">Background: Sutures have been the standard flap closure method of choice following mandibular third molar surgery but can lead to some complications. Tissue adhesives, including cyanoacrylate, have emerged as alternative flap closure method in this surgery to overcome such drawbacks. However, limited clinical trials can be found. Therefore, the aim of this clinical study was to compare two methods of flap closure in mandibular third molar surgery, cyanoacrylate and 4/0 silk sutures, by assessing post-operative outcome measures (pain, swelling, trismus, and healing) and patient-reported outcome measures (PROMs).

Material and methods: A randomized split-mouth clinical trial was designed, in which mandibular third molar (M3M) extractions were performed, where the control side flap was closed with 4/0 silk sutures and the test side flap with cyanoacrylate. Swelling, pain, trismus, healing, and PROMs were recorded post-operatively. These variables were analyzed by means of the nonparametric Mann-Whitney U test, using SPSS statistical software version 28.0.0 (IBM® SPSS®, Chicago, IL, USA). For all results, a 95% confidence interval was recorded (significance level p &lt; 0.05, two-tailed).

Results: A total of 17 patients were recruited and 34 mandibular third molar extractions were performed. No statistically significant differences were found in terms of swelling, pain, trismus, healing, and PROMs between both groups (p&lt;0.05).

Conclusions: No statistically significant differences were found between flap closure with 4/0 silk sutures and cyanoacrylate, in terms of surgical post-operative outcomes and PROMs. However, further studies with larger sample sizes are required to be able to affirm it with greater certainty.</subfield>
   </datafield>
   <datafield ind1="8" ind2=" " tag="024">
      <subfield code="a">Santmartí-Oliver M, Bazal-Bonelli S, Sánchez-Labrador L, Beca-Campoy T, Pérez-González F, Cobo-Vázquez CM, Madrigal Martínez-Pereda C, Meniz-García C. Cyanoacrylate versus suture as flap closure methods in mandibular third molar surgery: a split-mouth randomized controlled clinical study. Med Oral Patol Oral Cir Bucal. 2024 Jul 1;29(4):e458-e467. doi: 10.4317/medoral.26375</subfield>
   </datafield>
   <datafield ind1="8" ind2=" " tag="024">
      <subfield code="a">1698-4447</subfield>
   </datafield>
   <datafield ind1="8" ind2=" " tag="024">
      <subfield code="a">10.4317/medoral.26375</subfield>
   </datafield>
   <datafield ind1="8" ind2=" " tag="024">
      <subfield code="a">https://hdl.handle.net/20.500.14352/115031</subfield>
   </datafield>
   <datafield ind1="8" ind2=" " tag="024">
      <subfield code="a">1698-6946</subfield>
   </datafield>
   <datafield ind1="8" ind2=" " tag="024">
      <subfield code="a">https://doi.org/10.4317/medoral.26375</subfield>
   </datafield>
   <datafield ind1="8" ind2=" " tag="024">
      <subfield code="a">38907642</subfield>
   </datafield>
   <datafield ind1="8" ind2=" " tag="024">
      <subfield code="a">https://www.medicinaoral.com/medoralfree01/aop/26375.pdf</subfield>
   </datafield>
   <datafield ind1="8" ind2=" " tag="024">
      <subfield code="a">https://pubmed.ncbi.nlm.nih.gov/38907642/</subfield>
   </datafield>
   <datafield ind2="0" ind1="0" tag="245">
      <subfield code="a">Cyanoacrylate versus suture as flap closure methods in mandibular third molar surgery: a split-mouth randomized controlled clinical study</subfield>
   </datafield>
</record></metadata></record></GetRecord></OAI-PMH>